Kids TV Show Match-Up Quiz Stats

Quiz Updated Mar 19, 2015

Challenge
Share
Tweet
Score 0/30 Timer 05:00
0 Plays Today
% Correct
Hannah
97.9%
Looney
97.9%
The Powerpuff
97.8%
Sesame
97.6%
Yogi
96.9%
Inspector
96.1%
The Magic
94.9%
Hey
94.6%
Blue's
94.1%
Dexter's
93.2%
Hello
92.5%
Johnny
91.1%
Angelina
90%
7th
89.7%
Speed
89.2%
% Correct
Double
87%
Dragon
87%
Howdy
85.5%
The Angry
85.2%
Zoey
81.9%
Clarissa
81%
Reading
80.1%
Captain
80%
Darkwing
79.8%
Rocket
77.3%
Samurai
77.2%
Punky
75.9%
Sailor
73.7%
Salute
72.1%
Gullah Gullah
70.3%

You're not logged in!

Compare scores with friends on all Sporcle quizzes.
Join for Free
OR
Log In

You Might Also Like...

Show Comments

Extras

Top Quizzes Today


Score Distribution

Your Account Isn't Verified!

In order to create a playlist on Sporcle, you need to verify the email address you used during registration. Go to your Sporcle Settings to finish the process.

Report this User

Report this user for behavior that violates our Community Guidelines.

Details: